000
00314nam a2200109Ia 4500
008
220204s9999 xx 000 0 und d
082
_a
678.065(047)
_b
MAN
100
_a
K T
245
0
_a
In-plant training report at Apollo tyres Ltd, Kerala, 7th May to 2nd July, 1982
260
_a
Kharagput
_b
IIT
_c
1982
942
_c
BK
999
_c
43460
_d
43460